LEADER 00935nam a2200253 4500 001 000000341982 003 CaOOAMICUS 005 20201102173213.0 008 200910s2020 it 000 u ita r 020 $a978-88-8155-893-3 040 $aSeMil$bita 100 1 $aStucchi, Silvia.$0(OLS)http://semarc/name/60560 245 10$aCome il latino ci salva la vita /$cSilvia Stucchi. 264 1$aMilano :$bAres,$c2020. 300 $a310 p. ;$c19 cm 541 0 $aFondo mons. Mario Delpini 650 4$aLingua latina.$0(OLS)http://semarc/subject/3272 850 $aSeMil 852 $aSeMil$W1$xVenegono$y1$m1Q I 80$j222331$B233014$CSeMilBibl$Z2$F233014 $81 941 1 $a7 996 $6020$a978-88-8155-893-3$9(OLS)http://semarc/number/291193 996 $6245$aCome il latino ci salva la vita$9(OLS)http://semarc/title/430872 996 $6264$aMilano :$bAres$9(OLS)http://semarc/publisher/30250 LEADER 00503nam a2200157 i 4500 001 000000103454 003 CaOOAMICUS 005 20011002000000.0 008 011002n it u000 u ita u 013 $a75625 040 $aSeMil$bita 245 10$aJ-Z. 773 0 $tLessico delle scienze dell'educazione.$dMilano : Vallardi, 1978.$gVolume2$w()6695 850 $aSeMil 852 $aSeMil$W1$xVenegono$y1$mSL1.M VII 30$j59915$B59915$CSeMilBibl$Z2$F44395 $8I 996 $6245$aJ-Z$9(OLS)http://semarc/title/141753